000 01197cam a22003492 4500
001 11082
003 BD-RjUL
005 20211208235052.0
008 140126s1967 ne a b 001 0 eng
035 _aOCLC ocm00440196 from D970827M
_a(BD-RjUL)11131
040 _aDLC
_cDLC
_dGTU
_dOCL
_dCCL
_dEQO
_dBD-RjUL
_beng
041 _aeng
060 _aW1 FR946d v.1 1966
_aQH 315 F7 v.1 1966
082 _a616.99407582
_bGAM
100 1 _aGauze, G. F.
_q(Georgiĭ Frant͡sevich),
_d1910-1986
_934258
245 1 0 _aMicrobial models of cancer cells /
_c[by] G. F. Gause.
260 _aAmsterdam :
_bNorth-Holland Pub. Co.,
_c1967.
300 _ax, 97 p. :
_billus. ;
_c25 cm.
490 1 _aFrontiers of biology,
_vv. 1
490 0 _aNorth-Holland research monographs.
500 _a"Based on a lecture given ... Rockefeller Institute, New York in 1965."
504 _aIncludes bibliographies.
650 0 _aCancer.
_934259
650 0 _aMicroorganisms
_xVariation.
_934260
650 2 _aModels, Biological
_934261
650 2 _aNeoplasms
_xetiology
_934262
830 0 _vv. 1
_934268
830 0 _aFrontiers of biology,
_933966
942 _2ddc
_cBK
999 _c11082
_d11082